000 00540nam a2200193Ia 4500
005 20250508151535.0
008 008 250505s9999 xx 000 0 eng d
037 _aTextual
040 _aFEDL
_beng
_cFEDL
041 _aeng
_2eng
084 _a784, BRI
_qFEDL
100 _aBridgman William C
_9759454
245 0 _aAmerican singer, Book 7
260 _aNew York, USA
_bAmerican Book Company
_c1947
300 _a232p
700 _a Curtis Louis Woodson
_9759455
942 _cTEXL
_h784, BRI
999 _c1330482
_d1330482